| 000 | 01175nam a2200337 a 4500 | ||
|---|---|---|---|
| 001 | 16599 | ||
| 003 | BD-RjUL | ||
| 005 | 20211209000029.0 | ||
| 008 | 010423s2000 sz a b 0001 0 eng d | ||
| 020 | _a9291490660 | ||
| 020 | _a9291490660 (hc) | ||
| 035 | _a(BD-RjUL)16654 | ||
| 040 |
_aNWU _beng _cNWU _dNUN _dANL _dBD-RjUL |
||
| 041 | 0 |
_aeng _hfre |
|
| 082 | 0 | 0 |
_a796.4809 _bCOO 2000 _221 |
| 100 | 1 |
_aCoubertin, Pierre de, _d1863-1937. _951274 |
|
| 245 | 1 | 0 |
_aOlympism : _bselected writings / _cPierre de Coubertin ; editing director, Norbert Muller. |
| 246 | 3 | _aSelected writings | |
| 246 | 3 |
_aPierre de Coubertin, 1863-1937 : _bOlympism, selected writings |
|
| 260 |
_aLausanne, Switzerland : _bInternational Olympic Committee, _c2000. |
||
| 300 |
_a862 p. : _bill. ; _c25 cm. |
||
| 500 | _aPreface by: Juan Antonio Samaranch. | ||
| 504 | _aIncludes bibliographical references and indexes. | ||
| 600 | 1 | 0 |
_aCoubertin, Pierre de, _d1863-1937. _951282 |
| 650 | 0 |
_aOlympics _xPhilosophy. _951276 |
|
| 700 | 1 | 0 |
_aMuller, Norbert. _951277 |
| 710 | 2 |
_aInternational Olympic Committee. _951278 |
|
| 942 |
_2ddc _cBK |
||
| 999 |
_c16599 _d16599 |
||